000 00666nam a2200229 a 4500
001 000023164
005 20200930022029.0
008 101129s1985 mx r 000 | spa d
020 _a9688471348
040 _aDO-SdBNP
_bspa
_cBNPHU
082 _a891.744
_bA832f
100 1 _aAsimov, Isaac
_947685
245 1 0 _aFundación /
_cIsaac Asimov ; traducción de Pilar Giralt.
260 _aMéxico D. F. :
_bOrigen ; Planeta,
_c1985.
300 _a140 p. ;
_c20 cm.
490 1 _aBest Sellers;
_v25
650 4 _aNovela rusa
_94742
650 4 _aLiteratura rusa
_94743
700 1 _aGiralt, Pilar
_etr.
_913329
830 0 _aBest Sellers;
_v25
_924478
049 _aBNGR
999 _c22661
_d22661